Re-making anevalution of gold ore deposits the blakeshale series of Complexgold-platinum mineralization; Abstract of Internal conference on Fundamental and Applied Problems

מידע ביבליוגרפי
Parent link:Abstract of Internal conference on Fundamental and Applied Problems.— 1995.— P. 32-33
מחבר ראשי: Korobeinikov A. F. Alexander Feopenovich
מחברים אחרים: Pchenichkin A. Ya., Kolpakova N. A. Nina Alexandrovna
סיכום:В фонде НТБ ТПУ отсутствует
שפה:אנגלית
יצא לאור: 1995
נושאים:
פורמט: Book Chapter
KOHA link:https://koha.lib.tpu.ru/cgi-bin/koha/opac-detail.pl?biblionumber=595465

MARC

LEADER 00000naa0a2200000 4500
001 595465
005 20250305093857.0
035 |a (RuTPU)RU\TPU\tpu\16636 
090 |a 595465 
100 |a 20090923d1995 k||y0rusy50 ba 
101 0 |a eng 
102 |a RU 
200 1 |a Re-making anevalution of gold ore deposits the blakeshale series of Complexgold-platinum mineralization  |f A. F. Korobeinikov, A. Ya. Pchenichkin, N. A. Kolpakova 
333 |a В фонде НТБ ТПУ отсутствует 
463 |t Abstract of Internal conference on Fundamental and Applied Problems  |v P. 32-33  |d 1995 
610 1 |a труды учёных ТПУ 
700 1 |a Korobeinikov  |b A. F.  |c Russian geologist, Doctor of Geological and Mineralogical sciences  |c Professor of the TPU  |f 1934-  |g Alexander Feopenovich  |3 (RuTPU)RU\TPU\pers\24245  |4 070 
701 1 |a Pchenichkin  |b A. Ya.  |4 070 
701 1 |a Kolpakova  |b N. A.  |c Maiden Name Polukarova  |c russian chemist  |f 1942-  |g Nina Alexandrovna  |3 (RuTPU)RU\TPU\pers\28201  |4 070 
801 1 |a RU  |b 63413507  |c 20090923 
801 2 |a RU  |b 63413507  |c 20140205  |g RCR 
942 |c BK